Does Your tongue need healing? (Record no. 17430)

000 -LEADER
fixed length control field 00631nam a2200205 a 4500
001 - CONTROL NUMBER
control field :::00021375$&:&@@
003 - CONTROL NUMBER IDENTIFIER
control field OkBaRHE
005 - DATE AND TIME OF LATEST TRANSACTION
control field 20090415133233.0
008 - FIXED-LENGTH DATA ELEMENTS--GENERAL INFORMATION
fixed length control field s1986 j 000 0 eng u
020 ## - INTERNATIONAL STANDARD BOOK NUMBER
International Standard Book Number 0883682397
040 ## - CATALOGING SOURCE
Transcribing agency
100 1# - MAIN ENTRY--PERSONAL NAME
Personal name Prince, Derick
245 10 - TITLE STATEMENT
Title Does Your tongue need healing?
260 ## - PUBLICATION, DISTRIBUTION, ETC. (IMPRINT)
Place of publication, distribution, etc Sprindale,PA
Name of publisher, distributor, etc Whitaker House
Date of publication, distribution, etc c1986
300 ## - PHYSICAL DESCRIPTION
Extent 101 p. ;
Dimensions 18 cm
650 ## - SUBJECT ADDED ENTRY--TOPICAL TERM
Topical term or geographic name as entry element Christian life
General subdivision Biblical teaching
650 ## - SUBJECT ADDED ENTRY--TOPICAL TERM
Topical term or geographic name as entry element Speech
General subdivision Moral and ethical aspects
942 ## - ADDED ENTRY ELEMENTS (KOHA)
Source of classification or shelving scheme
Koha item type Books
Copies
Lost status Price effective from Date acquired Not for loan Damaged status Full call number Withdrawn status Shelving location Permanent Location Koha item type Source of classification or shelving scheme Copy number Date last seen Barcode
 2010-04-142010-04-14  BV 4501.2 .P7432 General StacksRHEMA Bible Training CollegeBooks 12010-04-1421375